| 000 | 00745nam a2200193 4500 | ||
|---|---|---|---|
| 005 | 20140529143435.0 | ||
| 008 | 140529b ch ||||| |||| 00| 0 chi d | ||
| 020 | _a9579761221 | ||
| 020 | _a9789579761222 | ||
| 100 |
_9131 _a魏外揚 Waiyang Wei |
||
| 245 |
_a牆上的名字 : 宣敎士與臺灣 Qiang shang de ming zi : xuan jiao shi yu Taiwan {ch} / _c 魏外揚著. ; Waiyang Wei |
||
| 260 |
_a臺灣中國信徒佈道會, Taibei : _bTaiwan Zhongguo xin tu bu dao hui, _c2000. |
||
| 300 |
_aiii, 179 p. : _bill., ports. ; _c21 cm. |
||
| 440 | _aXuan jiao xi lie. | ||
| 504 | _aIncludes bibliographical references. | ||
| 650 |
_aMissions _zTaiwan _xHistory {ch}. |
||
| 650 |
_aMissionaries _zTaiwan _xBiography {ch}. |
||
| 942 |
_2lcc _cBK |
||
| 999 |
_c37517 _d37517 |
||